Peňažné toky dane z príjmov účtovnej jednotky
Daň z príjmov podnikateľskej účtovnej jednotky je súčasťou nákladov a člení sa na splatnú a odloženú daň z príjmov. Odložená daň z príjmov nespôsobuje peňažné toky. Splatná daň z príjmov účtovnej jednotky je priama daň. Účtovná jednotka je daňovníkom dane z príjmov, t. j. odvádza daň správcovi dane...
Uložené v:
| Hlavný autor: | |
|---|---|
| Médium: | Kapitola |
| Jazyk: | Slovak |
| Predmet: | |
| Tagy: |
Žiadne tagy, Buďte prvý, kto otaguje tento záznam!
|
MARC
| LEADER | 00000nla$a2200000$$$4500 | ||
|---|---|---|---|
| 001 | 0145694 | ||
| 005 | 20240530100309.7 | ||
| 041 | 0 | |a slo | |
| 044 | |a SK | ||
| 245 | 1 | 0 | |a Peňažné toky dane z príjmov účtovnej jednotky |c Anna Šlosárová |
| 520 | |a Daň z príjmov podnikateľskej účtovnej jednotky je súčasťou nákladov a člení sa na splatnú a odloženú daň z príjmov. Odložená daň z príjmov nespôsobuje peňažné toky. Splatná daň z príjmov účtovnej jednotky je priama daň. Účtovná jednotka je daňovníkom dane z príjmov, t. j. odvádza daň správcovi dane a zároveň je platiteľom dane z pridanej hodnoty. Celkový peňažný tok z dane z príjmov účtovnej jednotky sa vypočíta ako súčet úhrady splatnej dane z príjmov za predchádzajúce účtovné a zdaňovacie obdobie, zaplatených preddavkov na daň z príjmov za bežné účtovné obdobie a zaplatených dodatočne vyrubených daní z príjmov za predchádzajúce účtovné a zdaňovacie obdobia. Praktické príklady. | ||
| 610 | 2 | 0 | |a dane z príjmov |
| 610 | 2 | 0 | |a dane z hodnoty pridanej |
| 610 | 2 | 0 | |a cash flow |
| 610 | 2 | 0 | |a účtovanie |
| 610 | 2 | 0 | |a štandardy účtovné medzinárodné |
| 100 | 1 | |a Šlosárová, Anna | |